Cosmovisiones populares indoamericanas /

Detalles Bibliográficos
Autor principal: Faust, Franz Xaver (Autor)
Otros Autores: Delgado Noguera, Mario (Editor)
Formato: Electrónico eBook
Lenguaje:español
Publicado: Popayán, Colombia : editorial UC, Editorial Universidad del Cauca, 2021.
Edición:Primera edición en español.
Materias:
Acceso en línea:Digitalia Hispánica

MARC

LEADER 00000nam a2200000Ii 4500
001 DIGUCAUCA0086
003 NyNyDIG
006 m o d
007 cr |||||||||||
008 220502s2021 ck a ob 001 0 spa d
035 |a (OCoLC)1301902452 
040 |a DGITA  |b eng  |e rda  |e pn  |c DGITA 
020 |a 9789587324600  |q eBook  |q pdf 
020 |z 9789587324594 
043 |a s-ck--- 
050 1 4 |a F2270 ebook 
082 0 4 |a 305.8009861 
100 1 |a Faust, Franz Xaver,  |e author. 
245 1 0 |a Cosmovisiones populares indoamericanas /  |c Franz Xaver Faust ; edición a cargo de Mario Delgado-Noguera. 
250 |a Primera edición en español. 
264 1 |a Popayán, Colombia :  |b editorial UC, Editorial Universidad del Cauca,  |c 2021. 
300 |a 1 online resource :  |b illustrations. 
336 |a text  |b txt  |2 rdacontent 
337 |a computer  |b c  |2 rdamedia 
338 |a online resource  |b cr  |2 rdacarrier 
347 |a text file  |2 rdaft 
347 |b PDF 
500 |a "Convocatoria 2018 investigación". 
504 |a Includes bibliographical references and index. 
588 0 |a Online resource; title from PDF title page (Digitalia, viewed May 2, 2022) 
650 0 |a Indians of South America  |z Colombia. 
650 0 |a Ethnology  |z Colombia. 
650 0 |a Ethnobotany  |z Colombia. 
650 0 |a Indians  |x Medicine  |z Colombia. 
655 0 |a Electronic books. 
700 1 |a Delgado Noguera, Mario,  |e editor. 
791 2 |a Digitalia (Firm),  |e distributor. 
793 0 |g Digitalia eBook Collection:  |a Editorial Universidad del Cauca 
776 0 8 |i Print version:  |a Faust, Franz Xaver.  |t Cosmovisiones populares indoamericanas.  |b Primera edición en español.  |d Popayán, Colombia : editorial UC, Editorial Universidad del Cauca, 2021  |z 9789587324594 
856 4 0 |3 Digitalia Hispánica  |u https://www.digitaliapublishing.com/a/111236/ 
910 |a Premium collection: 2022